000 01156nam a2200181Ia 4500
008 151202s9999||||xx |||||||||||||| ||und||
082 _bPNVM-82270
100 _aविद्यासागर पंडित.
245 _aओवी गाऊ विज्ञानाची -ओवीबद्ध रचनेतून विज्ञानाचं अंतरंगउलगडणारा साक्षेपी ग्रंथ.
260 _b"डायमंड पब्लिकेशन,पुणे."
260 _c2013
300 _a221
600 _aविद्यासागर पंडित.
630 _aओवी गाऊ विज्ञानाची -ओवीबद्ध रचनेतून विज्ञानाचं अंतरंगउलगडणारा साक्षेपी ग्रंथ.
700 _aविद्यासागर पंडित.
730 _aओवी गाऊ विज्ञानाची -ओवीबद्ध रचनेतून विज्ञानाचं अंतरंगउलगडणारा साक्षेपी ग्रंथ.
942 _cBOOK
999 _c1346878
_d1346875